000 03121nam a22003137a 4500
001 9241
003 FISKH
005 20251205145311.0
008 251204b cb ||||| |||| 00| 0 eng d
020 _a9789996301711
040 _aFISKH
_bkhr
_cFISKH
_dFISKH
050 _aPZ7
082 _a398.2
100 _aDawn , Dim
245 _aបុរសលក់ប្រពន្ធតម្លៃ៤តម្លឹង :
_cនិពន្ធដោយ លោក ឌឹម ដន , កែសម្រួលដោយ អ្នកស្រី គឹមស៊ុន សុធារី , លោក ធី ចាន់ថន និង​ កញ្ញា ហេង ចរិយា​
_bThe man selling his wife for 4 Domleung of gold /
260 _aភ្នំពេញ :
_bReading Books ,
_c2012.
300 _a28 pages :
_bcolor illustrations ;
_c25 cm .
490 _aពិភពរឿងនិទាន
505 _aK
520 _aមានប្តីប្រពន្ធពីរនាក់រៀបការនឹងគ្នាជាងបួនឆ្នាំ ប៉ុន្តែពួកកែគ្មានកូនទេ​ ។ បុរសជាប្តីជាមនុស្សញៀនស្រានិងល្បែង ។ ថ្ងៃមួយបុរសជាប្តីចាញ់ល្បែងក៏លក់ទ្រព្យសម្បត្តិទាំងអស់ ហើយថែមទាំងលក់ប្រពន្ធផងដែរក្នងតម្លៃ ៤តម្លឹង អោយទៅដង្ខៅពោះម៉ាយម្នាក់​ ។ ប្តីបានយកលុយ៤តម្លឹងទៅដណ្តឹងប្រពន្ធថ្មីតែគ្មានអ្នកណាយកគាត់ទេ ដោយញៀនស្រានិងល្បែងគាត់ក៏បានធ្លាក់ខ្លួនឈី ហើយក៏បានបួសជាសង្ឃ ។ ចំនែកប្រពន្ធត្រូវបានលោកដង្ខៅអានិតស្រលាញ់ ហើយពួកគេរស់នៅជាមួយគ្នាយ៉ាងមានក្តីសុខ ។
520 _aA husband and wife had been married for more than four years, but they did not have any children. The husband was addicted to alcohol and gambling. One day, after losing a gambling game, the husband sold all their property and even sold his wife for four ticals to a rich man. The husband took the four ticals to gamble, but no one accepted him. Because of his addictions, he eventually hit rock bottom and became a monk. Meanwhile, the wife was genuinely loved by the rich man, and they lived together happily.
521 8 _a510
_bLexile estimate
521 8 _aK
_bRaz-Plus
650 _aបុរសលក់ប្រពន្ធតម្លៃ៤តម្លឹង​
_vរឿងនិទានកុមារ​
650 _vThe man selling his wife for 4 Domleung of gold
_2Children's Stories
700 _aVichit, Prom
_eIllustrator
942 _2ddc
_cKHB
_n0
999 _c9241
_d9241